| 000 | 00683nam a2200169 a 4500 | ||
|---|---|---|---|
| 008 | 170113s2014 ||||||||||||||||| || u | ||
| 020 | _a9781412948760 | ||
| 050 | _aHD 62.4 Mac | ||
| 100 | _aMcCann, Leo | ||
| 245 | 1 | 0 |
_aInternational and comparative business: foundations of political economies _cBy Leo McCann |
| 260 |
_aLondon _bSAGE Publications _c2014 |
||
| 300 | _axvii, 376p. | ||
| 650 | _aINTERNATIONAL ECONOMIC ASPECTS | ||
| 650 | 0 | _aINTERNATIONAL ECONOMIC RELATIONS | |
| 650 | _aINTERNATIONAL BUSINESS ENTERPRISE | ||
| 995 |
_FCBU-MAIN LIBRARY (Kitwe) _M1 _UAVAILABLE _WFeb 20, 2017 _ZMain Library Open Access Collection |
||
| 999 |
_c47278 _d47278 |
||